000 00526nam a22001697a 4500
999 _c9041
_d9041
008 210320b ||||| |||| 00| 0 eng d
040 _aBMS College of Architecture
100 _aKoshy, Ashish
245 _aSocio cultural centre- A cultural transit
300 _aNA
500 _a1BM07AT010
502 _8B.Arch
_NBMS College of Architecture, Visvesvaraya Technological University
_aProject report
_d2012
650 _aSocio Cultural
700 _aShobha M N
_eGuide
700 _aK R Madhu Chand
_eGuide
942 _2ddc
_cTHE